| 000 | 00528nam a22002057a 4500 | ||
|---|---|---|---|
| 003 | LK-CoMWRAF | ||
| 005 | 20231215092420.0 | ||
| 008 | 230909b1998 |||||||| |||| 00| 0 eng d | ||
| 020 | _a9555730717 | ||
| 040 |
_aLK-CoMWRAF _dLK-CoMWRAF _eLK-CoMWRAF |
||
| 041 | _aeng | ||
| 082 |
_a823 _bKUL |
||
| 100 | _aKulatunga, Sita | ||
| 245 |
_aDari : _bThe third wife |
||
| 250 | _a3rd Edition | ||
| 260 |
_aNugegoda : _bSarasavi publications, _c1998 |
||
| 300 | _a136p. ; 18cm | ||
| 650 | _aEnglish Fiction-Sri Lanka | ||
| 942 | _cBK | ||
| 999 |
_c3508 _d3508 |
||